| 000 | 00705cam a2200265 a 4500 | ||
|---|---|---|---|
| 005 | 20260322212050.0 | ||
| 008 | data | ||
| 010 | _a 96020899 | ||
| 020 | _a0060183578(alk paper) | ||
| 020 | _a9780060183578(alk paper) | ||
| 040 |
_aDLC _cDLC _dDLC _dOCoLC _dDLC |
||
| 043 | _an-us-tn | ||
| 050 | 0 | 0 |
_aPS3573.E8244 _bA8 1996 |
| 082 | 0 | 0 |
_a813/.54 _220 |
| 100 | 1 | _aWest, Michael Lee. | |
| 245 | 1 | 0 |
_aAmerican pie : _ba novel / _cMichael Lee West. |
| 250 | _a1st ed. | ||
| 260 |
_aNew York : _bHarperCollins, _cc1996. |
||
| 300 |
_a324 p. ; _c25 cm. |
||
| 650 | 0 |
_aSisters _vFiction. |
|
| 650 | 0 |
_aFamilies _vFiction. |
|
| 651 | 0 |
_aTennessee _vFiction. |
|
| 655 | 7 |
_aDomestic fiction. _2lcsh |
|
| 001 | data | ||
| 999 |
_c1174 _d1174 |
||